Statistiques concernant Les vainqueurs de la Coupe d'Allemagne de football depuis sa reprise en 1952-1953

Cliquez ici pour prendre le quiz!

Statistiques générales

  • Ce quiz a été pris 337 fois
  • Le résultat moyen est 43 sur 64

Statistiques - réponses

AnnéeVainqueur% Correct
2016FC Bayern München
100%
1986FC Bayern München
100%
2014FC Bayern München
100%
1969FC Bayern München
100%
2013FC Bayern München
100%
1967FC Bayern München
100%
1966FC Bayern München
100%
1984FC Bayern München
100%
1998FC Bayern München
100%
1982FC Bayern München
100%
2000FC Bayern München
100%
2003FC Bayern München
100%
2005FC Bayern München
100%
2006FC Bayern München
100%
1957FC Bayern München
100%
2008FC Bayern München
100%
2010FC Bayern München
100%
1971FC Bayern München
100%
1989Borussia Dortmund
98%
2012Borussia Dortmund
98%
1965Borussia Dortmund
98%
1976Hamburger SV
72%
1963Hamburger SV
72%
1987Hamburger SV
72%
1993TSV Bayer 04 Leverkusen
71%
2009SV Werder Bremen
70%
2004SV Werder Bremen
70%
1961SV Werder Bremen
70%
1999SV Werder Bremen
70%
1994SV Werder Bremen
70%
1991SV Werder Bremen
70%
1983FC Köln
67%
1978FC Köln
67%
1968FC Köln
67%
1977FC Köln
67%
1988Eintracht Frankfurt
64%
1981Eintracht Frankfurt
64%
1975Eintracht Frankfurt
64%
1974Eintracht Frankfurt
64%
1972FC Schalke 04
61%
2011FC Schalke 04
61%
2002FC Schalke 04
61%
2001FC Schalke 04
61%
1954VfB Stuttgart
61%
1958VfB Stuttgart
61%
1997VfB Stuttgart
61%
1960Borussia Mönchengladbach
55%
1973Borussia Mönchengladbach
55%
1995Borussia Mönchengladbach
55%
2015VfL Wolfsburg
55%
1962FC Nürnberg
44%
2007FC Nürnberg
44%
1992Hannoverscher SV 1896
36%
1964TSV 1860 München
36%
1996FC Kaiserslautern
34%
1990FC Kaiserslautern
34%
1980Düsseldorfer TSV Fortuna
28%
1979Düsseldorfer TSV Fortuna
28%
1956Karlsruher SC
13%
1955Karlsruher SC
13%
1953Rot-Weiss Essen
11%
1959Schwarz-Weiss Essen
10%
1985Bayer 05 Uerdingen
5%
1970Offenbach FC Kickers
5%

Distribution des résultats

Percentile par nombre de réponses

% des personnes avec chaque résultat

Votre développement - résultats

Vous n’avez pas pris ce quiz